| 000 | 00773cam a2200217 a 4500 | ||
|---|---|---|---|
| 001 | 726139 | ||
| 005 | 20241218113525.0 | ||
| 008 | 980514s1999 nyu b 001 0 eng | ||
| 020 | _a0195123522 (acidfree paper) | ||
| 020 | _a0195123530 (pbk.) | ||
| 050 | 0 | 0 |
_aPE1361 _b.B47 1999 |
| 082 | 0 | 0 |
_a425 _221 |
| 100 | 1 |
_aBerk, Lynn M., _d1943- |
|
| 245 | 1 | 0 |
_aEnglish syntax : _bfrom word to discourse / _cLynn M. Berk. |
| 260 |
_aNew York : _bOxford University Press, _c1999. |
||
| 300 |
_axvii, 315 p. ; _c24 cm. |
||
| 650 | 0 |
_aEnglish language _xSyntax. |
|
| 856 | 4 | 2 |
_3Publisher description _uhttp://www.loc.gov/catdir/enhancements/fy0604/98023348-d.html |
| 856 | 4 | 1 |
_3Table of contents only _uhttp://www.loc.gov/catdir/enhancements/fy0604/98023348-t.html |
| 942 |
_2lcc _cBK _n0 |
||
| 999 |
_c2435 _d2435 |
||